Eastern Utah Libraries Catalog: Duchesne, Heber, Roosevelt, & Vernal

The Bourne ascendancy : (Record no. 110642)

MARC details
000 -LEADER
fixed length control field 01710cam a22003978i 4500
001 - CONTROL NUMBER
control field BK0013900920
003 - CONTROL NUMBER IDENTIFIER
control field DLC
005 - DATE AND TIME OF LATEST TRANSACTION
control field 20241220140910.0
008 - FIXED-LENGTH DATA ELEMENTS--GENERAL INFORMATION
fixed length control field 140306s2014 nyu 000 1 eng
010 ## - LIBRARY OF CONGRESS CONTROL NUMBER
LC control number 2014002794
020 ## - INTERNATIONAL STANDARD BOOK NUMBER
International Standard Book Number 9781455577538 : HRD
Terms of availability $28.00
020 ## - INTERNATIONAL STANDARD BOOK NUMBER
International Standard Book Number 1455577537 : HRD
Terms of availability $28.00
Cancelled/invalid ISBN 9781455582181 (large print hardcover)
-- 9781455577569 (ebook)
-- 9781478979548 (audiobook)
-- 9781478979531 (audio download)
037 ## - SOURCE OF ACQUISITION
Source of stock number/acquisition Grand Central Pub, C/O Little Brown & Co Order Dept Three Center Plaza, Boston, MA, USA, 02108-2003
Note SAN 200-2205
040 ## - CATALOGING SOURCE
Original cataloging agency DLC
Language of cataloging eng
Description conventions rda
Transcribing agency DLC
Modifying agency DLC
-- NjBwBT
050 00 - LIBRARY OF CONGRESS CALL NUMBER
Classification number PS3562.U752
Item number R633 2014
082 00 - DEWEY DECIMAL CLASSIFICATION NUMBER
Classification number 813/.54
Edition number 23
092 ## - LOCALLY ASSIGNED DEWEY CALL NUMBER (OCLC)
Classification number 813.5400
092 ## - LOCALLY ASSIGNED DEWEY CALL NUMBER (OCLC)
Classification number F Ludlum
100 1# - MAIN ENTRY--PERSONAL NAME
Personal name Ludlum, Robert / Lustbader, Eric
9 (RLIN) 6189791
245 10 - TITLE STATEMENT
Title The Bourne ascendancy :
Remainder of title a Jason Bourne series /
Statement of responsibility, etc Robert Ludlum / Eric Lustbader
246 30 - VARYING FORM OF TITLE
Title proper/short title Bourne ascendancy
260 ## - PUBLICATION, DISTRIBUTION, ETC. (IMPRINT)
Name of publisher, distributor, etc Grand Central Pub
Date of publication, distribution, etc 2014
263 ## - PROJECTED PUBLICATION DATE
Projected publication date 1406
264 #1 - Production, Publication, Distribution, Manufacture, and Copyright Notice.
Place of production, publication, distribution, manufacture New York, NY :
Name of producer, publisher, distributor, manufacturer Grand Central Publishing,
Date of production, publication, distribution, manufacture, or copyr 2014.
300 ## - PHYSICAL DESCRIPTION
Extent Large Print
336 ## - Content Type
Content type term text
337 ## - Media type
Media type term unmediated
338 ## - Carrier type
Carrier type term volume
520 ## - SUMMARY, ETC.
Summary, etc Hired to impersonate a high-ranking government official at a summit in Qatar, Jason Bourne survives an attack by armed men before being taken prisoner by an infamous terrorist who is also holding a friend and her daughter.
650 #0 - SUBJECT ADDED ENTRY--TOPICAL TERM
Topical term or geographic name as entry element Bourne, Jason (Fictitious character)
Form subdivision Fiction.
9 (RLIN) 6405031
650 #0 - SUBJECT ADDED ENTRY--TOPICAL TERM
Topical term or geographic name as entry element Intelligence officers
Form subdivision Fiction.
9 (RLIN) 5674266
655 #7 - INDEX TERM--GENRE/FORM
Genre/form data or focus term Spy stories.
Source of term gsafd
9 (RLIN) 6272336
655 #7 - INDEX TERM--GENRE/FORM
Genre/form data or focus term Suspense fiction.
Source of term gsafd
9 (RLIN) 6272337
700 1# - ADDED ENTRY--PERSONAL NAME
Personal name Ludlum, Robert,
Dates associated with a name 1927-2001.
9 (RLIN) 6272338
942 ## - ADDED ENTRY ELEMENTS (KOHA)
Koha item type BOOK
Source of classification or shelving scheme Dewey Decimal Classification
Holdings
Withdrawn status Lost status Source of classification or shelving scheme Damaged status Not for loan Collection code Home library Current library Shelving location Date acquired Source of acquisition Cost, normal purchase price Total Checkouts Full call number Barcode Date last seen Cost, replacement price Price effective from Koha item type Total Renewals Date checked out
    Dewey Decimal Classification     Fiction Wasatch County Library Wasatch County Library First Floor 02/18/2020 Donation 10.00   F Ludlum 34301001677964 02/16/2024 10.00 03/20/2020 BOOK    
    Dewey Decimal Classification     Large Print Wasatch County Library Wasatch County Library First Floor 01/23/2019 Amazon 30.00 5 F Ludlum 34301001628074 11/25/2025 30.00 03/20/2020 BOOK 2 10/31/2025
This project was made possible through a grant from the Institute of Museum and Library Service administered by the Utah State Library Division.

Wasatch County Library

  • 465 East 1200 South, Heber City, Utah 84032
  • Phone 435-654-1511 | Fax 435-654-6456

Hours

  • Monday - Friday 9:30 AM - 8:00 PM
  • Saturday 9:30 AM - 1:30 PM
  • Closed Sundays and Holidays